| 000 | 00747nam a22001937a 4500 | ||
|---|---|---|---|
| 003 | BD-DhUL | ||
| 005 | 20190203105118.0 | ||
| 008 | 190203s2010 nyu |||| |||| 00| 0 eng | ||
| 040 |
_aBD-DhUL _cBD-DhUL |
||
| 082 |
_222 _a330.95 _bNUC |
||
| 110 | _aUnited Nations | ||
| 245 |
_aCommittee on economic, social and cultural rights : _bComreport on the forty-second and forty-third sessions (4-22 May 2009, 2-20 November 2009) / _cUnited Nations. |
||
| 260 |
_aNew York ; Geneva : _bUnited Nations, _c2010. |
||
| 300 |
_av, 158 p. ; _c30 cm |
||
| 500 | _a"Economic and social council, official records , 2010, supplement no. 2" | ||
| 504 | _aIncludes bibliographical references | ||
| 650 | 0 | _aEconomic situations and conditions | |
| 942 |
_2ddc _cBK |
||
| 999 |
_c246073 _d246073 |
||